00577naa a2200133 a 450000100080000000500110000800800410001910000190006024500950007926000090017450001060018370000230028977301310031213108892006-06-20 1999 bl uuuu u00u1 u #d1 aMOSCATELLI, M. aTécnicas de criação de manguezais na Laguna de Jacarepaguá - cidade do Rio de Janeiro. c1999 a1 CD-ROM. Autoria bilíngue: CONGRESSO E EXPOSICAO INTERNACIONAL SOBRE FLORESTAS, 5., 1999, Curitiba.1 aTEIXEIRA, M. L. F. tIn: INTERNATIONAL CONGRESS AND EXHIBITION ON FOREST, 5., 1999, Curitiba. Forest 99: [resumos]. Rio de Janeiro: BIOSFERA, 1999.